| 000 | 00636nam a2200169Ia 4500 | ||
|---|---|---|---|
| 008 | 090201s9999 xx 000 0 und d | ||
| 010 | _aKPL-47813 | ||
| 040 | _bमराठी | ||
| 041 | _aमराठी | ||
| 082 |
_a33697 _b47813 |
||
| 100 | _aबाळ भिडे | ||
| 245 |
_aनॉस्ट्राडेमसची भविष्यवाणी _cबाळ भिडे |
||
| 260 |
_c2004 _bगजेंद्र विठठ्ल रघुवंशी प्रकाशन |
||
| 300 |
_a105 _bमोठा |
||
| 600 | _aनॉस्ट्राडेमसची भविष्यवाणी | ||
| 942 | _cBOOK | ||
| 999 |
_c231947 _d231947 |
||